Meranie výkonnosti v organizáciách poskytujúcich zdravotnícke služby dizertačná práca

Gespeichert in:
Bibliographische Detailangaben
1. Verfasser: Lacková, Daniela
Körperschaft: Podnikovohospodárska fakulta EU so sídlom v Košiciach. Katedra hospodárskej informatiky a matematiky
Weitere Verfasser: Tkáč, Michal, 1958-
Format: Buch
Sprache:Slowakisch
Veröffentlicht: Košice 2013
Schlagworte:
Tags: Tag hinzufügen
Keine Tags, Fügen Sie das erste Tag hinzu!

MARC

LEADER 00000nbm a2200000 4500
001 0180806
005 20230117104412.4
041 0 |a slo 
044 |a SK 
245 1 0 |a Meranie výkonnosti v organizáciách poskytujúcich zdravotnícke služby  |b dizertačná práca  |c Daniela Lacková ; školiteľ: Michal Tkáč 
264 1 |a Košice  |c 2013 
300 |a 102 s. 
610 2 0 |a meranie výkonnosti 
610 2 0 |a služby zdravotnícke 
610 2 0 |a zdravotníctvo verejné 
100 1 |a Lacková, Daniela 
700 1 |a Tkáč, Michal, 1958- 
710 2 |a Podnikovohospodárska fakulta EU so sídlom v Košiciach. Katedra hospodárskej informatiky a matematiky